[Event "AUTO-OPEN-2013"]
[Site "http://www.queenalice.com/game.php?id=791759"]
[Date "2010.6.18"]
[Round "1"]
[White "juliocesar"]
[Black "avian"]
[Result "0-1"]
[WhiteElo "1283"]
[BlackElo "1437"]

1. e4 c6 2. c3 d5 3. e5 Bf5 4. Na3 e6 5. g3 Bxa3 6. bxa3 Nd7 7. Qe2 Qc7 8. d4
Ne7 9. Bg5 Nb6 10. Bxe7 Qxe7 11. a4 Nxa4 12. Qd2 Qa3 13. Nf3 Nxc3 14. h3 Be4 15.
Bg2 Bb1 16. Qxc3 Qxc3+ 17. Nd2 Qxa1 18. Nxb1 Qxb1+ 19. Kd2 Qxa2+ 20. Ke3 Qa3+
21. Kf4 c5 22. dxc5 Qxc5 23. Kf3 Qc3+ 24. Kg4 Qxe5 25. Rb1 h5+ 26. Kf3 f5 27.
Rxb7 Qe4# 0-1

[Event "AUTO-OPEN-2013"]
[Site "http://www.queenalice.com/game.php?id=791760"]
[Date "2010.6.18"]
[Round "1"]
[White "avian"]
[Black "juliocesar"]
[Result "1-0"]
[WhiteElo "1506"]
[BlackElo "1230"]

1. d4 c6 2. c4 e6 3. Nc3 d5 4. Nf3 dxc4 5. e3 g6 6. Bxc4 Nf6 7. O-O a6 8. Qc2
Be7 9. e4 Bd6 10. e5 Nd5 11. exd6 Nf6 12. Bg5 Bd7 13. Ne5 Bc8 14. Ne4 Qb6 15.
Bxf6 Qxd4 16. Bxh8 Qb6 17. Qb3 Qxb3 18. Bxb3 Nd7 19. Nxd7 Bxd7 20. Nf6+ Kd8 21.
Nxd7 Kxd7 22. Be5 Rf8 23. Rad1 f6 24. Bc3 e5 25. Rfe1 Re8 26. f4 g5 27. fxe5 h6
28. exf6 Rxe1+ 29. Rxe1 Kxd6 30. f7 Kd7 31. f8=Q Kc7 32. Qe7+ Kb6 33. Bd4+ Ka5
34. Re5+ c5 35. Qxc5+ b5 36. Qa3# 1-0

[Event "AUTO-OPEN-2013"]
[Site "http://www.queenalice.com/game.php?id=791761"]
[Date "2010.6.18"]
[Round "1"]
[White "juliocesar"]
[Black "tonycap"]
[Result "1/2-1/2"]
[WhiteElo "1285"]
[BlackElo "1062"]

1. e4 e5 2. Qg4 Nf6 3. Qe2 Bb4 4. a3 O-O 5. axb4 Nc6 6. c3 d6 7. g3 a6 8. f3 b5
9. Na3 Be6 10. g4 Bb3 11. h3 Ba4 12. h4 Qe7 13. Bh3 Qe6 14. g5 Qe7 15. Bg4 Ne8
16. h5 Qxg5 17. Ra2 Bb3 18. Ra1 Rb8 19. c4 Nxb4 20. cxb5 Nc2+ 21. Nxc2 Bxc2 22.
Rxa6 c5 23. Ra7 Qf4 24. Rh4 Qg3+ 25. Qf2 Qxf2+ 26. Kxf2 Rxb5 27. h6 gxh6 28.
Rxh6 Rb3 29. Bf5 Kg7 30. Ra3 Kxh6 31. Rxb3 Bxb3 32. d3+ Kg7 33. Nh3 h6 34. Kg2
Nf6 35. Bg4 c4 36. dxc4 Bxc4 37. Bd2 Rb8 38. Bc1 Be2 39. Kf2 Rc8 40. Bxc8 Bb5
41. b3 d5 42. exd5 Nxd5 43. f4 exf4 44. Nxf4 Nxf4 45. Bxf4 h5 46. Bf5 h4 47. b4
Bc6 48. Bg5 h3 49. Kg1 f6 50. Bf4 Bg2 51. b5 Kf7 52. b6 Kg7 53. b7 Bxb7 54. Bxh3
Be4 55. Kf2 Bg6 56. Ke3 Bh5 57. Kd4 Kg6 58. Ke4 Kg7 59. Bd6 Bg6+ 60. Bf5 Bf7 61.
Be7 Bg8 62. Bxf6+ Kxf6 63. Kf4 Bf7 64. Kg4 1/2-1/2

[Event "AUTO-OPEN-2013"]
[Site "http://www.queenalice.com/game.php?id=791762"]
[Date "2010.6.18"]
[Round "1"]
[White "tonycap"]
[Black "juliocesar"]
[Result "1-0"]
[WhiteElo "1033"]
[BlackElo "1268"]

1. e4 e5 2. Nf3 Qe7 3. Bb5 a6 4. Bc4 d6 5. O-O Nh6 6. Nc3 b5 7. Bd5 Ra7 8. d4
exd4 9. Qxd4 c5 10. Qe3 g6 11. Qf4 b4 12. Na4 g5 13. Nxg5 f5 14. exf5 Nxf5 15.
Bf7+ Qxf7 16. Nxf7 Kxf7 17. Nb6 Be6 18. Re1 Rb7 19. Na4 Bh6 20. Qe4 Bd7 21. b3
Bxc1 22. Raxc1 Re8 23. Qd5+ Kf6 24. Qxb7 Rd8 25. Nb6 a5 26. Rcd1 h5 27. Nd5+ Kg5
28. a4 Bc6 29. Qc7 Rd7 30. Qxb8 h4 31. Qg8+ Kh5 32. g4+ Kh6 33. Nf6 Ng7 34. Qc8
d5 35. Qxc6 Rf7 36. Rxd5 c4 37. Ng8+ Kh7 38. Nh6 Rf5 39. Rxf5 cxb3 40. Rf8 bxc2
41. Nf7 c1=Q 42. Rxc1 b3 43. Rh8# 1-0

[Event "Challenge"]
[Site "http://www.queenalice.com/game.php?id=871055"]
[Date "2010.12.12"]
[Round "-"]
[White "juliocesar"]
[Black "guischerer"]
[Result "1/2-1/2"]
[WhiteElo "1308"]
[BlackElo "1268"]

1. e4 e5 2. Nf3 d6 3. Bb5+ c6 4. Ba4 Nf6 5. Nc3 b5 6. Bb3 b4 7. Nb1 Nxe4 8. c3
Na6 9. Bc4 Nac5 10. cxb4 Nd7 11. Bd3 d5 12. b5 c5 13. Qb3 Nb6 14. Bxe4 dxe4 15.
Nxe5 Qd5 16. Qxd5 Nxd5 17. Nc3 Nf6 18. Nc4 Be6 19. b3 O-O-O 20. b6 a6 21. Ba3
Bf5 22. h3 Nh5 23. Ne5 Be6 24. Nxe4 f6 25. Ng4 Rd4 26. Nc3 Nf4 27. Rg1 Bd6 28.
Ne3 Nd3+ 29. Kf1 f5 30. Bc1 Rf4 31. Ned1 c4 32. g3 Rf3 33. bxc4 Bc5 34. Rg2 Bxc4
35. h4 Nxf2+ 36. Ke1 Re8+ 37. Ne3 Bd3 38. a3 Re6 39. Rxf2 Rxf2 40. Kxf2 Bxb6 41.
Rb1 Ba5 42. a4 h5 43. Rb3 Bc7 44. Rb4 a5 45. Rb3 Rf6 46. Ned5 Bxg3+ 47. Kxg3
Rg6+ 48. Kh3 Bf1+ 49. Kh2 Rg2+ 50. Kh3 Rg4+ 51. Kh2 Rd4 52. Ne3 Rxh4+ 53. Kg1
Bd3 54. Ba3 f4 55. Nb5 Bh7 56. Nf1 g5 57. Na7+ Kc7 58. Rb5 Rg4+ 59. Kh2 Bd3 60.
Rb1 h4 61. Kh3 Rg1 62. Kh2 Rxf1 63. Rxf1 Bxf1 64. Be7 Kb7 65. Nb5 Kb6 66. Nc3 g4
67. Bxh4 Kc5 68. Be7+ Kd4 69. Bd6 g3+ 70. Kh1 g2+ 71. Kg1 f3 72. Kf2 Kd3 73. Bc7
Kxd2 74. Ne4+ Kd3 75. Ng3 Be2 76. Bxa5 Bd1 77. Bb6 g1=Q+ 78. Kxg1 Bxa4 79. Kf2
Bc6 80. Be3 Kc4 81. Nf5 Bd5 82. Nd4 Kc3 83. Nxf3 Bxf3 84. Kxf3 Kd3 85. Kf4 Ke2
86. Bd4 Kd3 87. Be5 Ke2 88. Ke4 Kf2 89. Bd4+ Kg3 90. Bf6 Kg4 1/2-1/2

[Event "Challenge"]
[Site "http://www.queenalice.com/game.php?id=902973"]
[Date "2011.2.19"]
[Round "-"]
[White "juliocesar"]
[Black "tonycap"]
[Result "1-0"]
[WhiteElo "1296"]
[BlackElo "1481"]

1. e4 e5 2. Nc3 Nf6 3. f3 Bc5 4. Nh3 O-O 5. Bc4 Qe7 6. b3 Na6 7. Qe2 Nb4 8. Bd3
d6 9. a3 b6 10. axb4 Bxb4 11. Nd5 Nxd5 12. exd5 Qh4+ 13. Qf2 Qxf2+ 14. Nxf2 Bc5
15. Ba3 Bd4 16. Rc1 Bb7 17. c3 Rae8 18. Kf1 Bxf2 19. Kxf2 Bxd5 20. h4 Bxb3 21.
Bb5 Re6 22. Rce1 Rf6 23. Bd3 Bd5 24. c4 Be6 25. Bb4 c5 26. Bc3 a6 27. Rb1 b5 28.
cxb5 axb5 29. Bxb5 Ba2 30. Ra1 Bd5 31. h5 h6 32. Rh2 Rf4 33. Ra6 e4 34. Rxd6 Rf5
35. Be2 Bb7 36. d3 exf3 37. gxf3 Re8 38. d4 cxd4 39. Bxd4 g5 40. Kg1 Bxf3 41.
Bxf3 Rxf3 42. Rxh6 f6 43. Bxf6 Re1+ 44. Kg2 Ref1 45. Bxg5 R1f2+ 46. Kh1 Rf1+ 47.
Kg2 R1f2+ 48. Kg1 Rf1+ 49. Kg2 Rf5 50. Rg6+ Kf7 51. Bh6 Re1 52. Rh3 Re2+ 53. Kg3
Ref2 54. Rh2 R2f3+ 55. Kg4 Rf2 56. Rxf2 Rxf2 57. Bf4 Rg2+ 58. Kf5 Rxg6 59. hxg6+
Kg7 60. Bg5 Kf8 61. Bf6 Kg8 62. Ke6 Kf8 63. g7+ Kg8 64. Ke7 Kh7 65. Kf7 1-0

[Event "Challenge"]
[Site "http://www.queenalice.com/game.php?id=903329"]
[Date "2011.2.21"]
[Round "-"]
[White "tonycap"]
[Black "juliocesar"]
[Result "1/2-1/2"]
[WhiteElo "1456"]
[BlackElo "1319"]

1. e4 e6 2. Nf3 Nc6 3. Nc3 Nf6 4. Bb5 Na5 5. O-O Bd6 6. d4 b6 7. Bg5 Bb4 8. e5
Bxc3 9. bxc3 Bb7 10. a3 c6 11. Bd3 h6 12. Bf4 Ng4 13. Qe1 b5 14. Be4 h5 15. h3
Nh6 16. Bg5 f6 17. Bg6+ Nf7 18. Bxf7+ Kxf7 19. Bh4 Nc4 20. exf6 gxf6 21. Qe4 Qe8
22. Qf4 Qe7 23. Bxf6 Qxf6 24. Qc7 Bc8 25. Qg3 Qg7 26. Ng5+ Kg8 27. h4 a5 28. Qc7
e5 29. Rfe1 d6 30. Qd8+ Qf8 31. Qc7 Qh6 32. Qd8+ Qf8 33. Qc7 Bf5 34. Rec1 Nd2
35. Qxc6 Rh7 36. Nxh7 Kxh7 37. Qxb5 Ne4 38. dxe5 dxe5 39. Qxe5 Qf6 40. Qxf6 Nxf6
41. Rab1 Nd7 42. Rb5 Bg6 43. Rb7 Rd8 44. c4 Bf7 45. c5 Ne5 46. Re7 Rd5 47. c6
Rc5 48. Re1 Kg7 49. c7 Kf8 50. c8=Q+ Rxc8 51. R7xe5 Ra8 52. f3 Re8 53. f4 Rc8
54. R1e2 Re8 55. c3 Rd8 56. Re1 Rd3 57. Rc1 Rd5 58. c4 Rxe5 59. fxe5 Kg8 60. c5
Be8 61. e6 Kf8 62. c6 Ke7 63. c7 Kxe6 64. c8=Q+ Ke7 65. Re1+ Kd6 66. Rxe8 Kd5
67. Rd8+ Ke4 68. Qc4+ Ke3 69. a4 1/2-1/2

[Event "Challenge"]
[Site "http://www.queenalice.com/game.php?id=907358"]
[Date "2011.3.2"]
[Round "-"]
[White "Ricardoabreu"]
[Black "juliocesar"]
[Result "1-0"]
[WhiteElo "1607"]
[BlackElo "1300"]

1. e3 e6 2. Qf3 Nc6 3. Bb5 a6 4. Bxc6 dxc6 5. b3 Qf6 6. Qxf6 gxf6 7. Bb2 Bg7 8.
Nh3 e5 9. Nc3 Bxh3 10. gxh3 Ne7 11. Ne4 O-O 12. Rg1 Nd5 13. O-O-O b5 14. Rg3 Kh8
15. Rdg1 Rg8 16. Nc5 h6 17. h4 Ne7 18. Rf3 Nd5 19. Nd7 a5 20. c4 Nb4 21. Kb1 Nd3
22. Nxf6 Bxf6 23. Rxg8+ Rxg8 24. Rxf6 Rg2 25. Rxf7 Nxb2 26. Kxb2 Rxh2 27. Rxc7
Rxf2 28. Kc2 bxc4 29. bxc4 Rh2 30. Rxc6 Rxh4 31. Rc5 h5 32. Rxa5 Rxc4+ 33. Kd3
Rc8 34. Ke4 Re8 35. Rb5 h4 36. Rb1 h3 37. Rh1 Kg7 38. Rxh3 Re7 39. Rh5 Kg6 40.
Rxe5 Kf6 41. Rxe7 Kxe7 42. Kf4 Kd7 43. d4 Ke7 44. Kf5 Kd7 45. e4 Kd8 46. d5 Ke8
47. e5 Kf8 48. Kf6 Ke8 49. e6 Kd8 50. Kf7 1-0

[Event "Challenge"]
[Site "http://www.queenalice.com/game.php?id=907359"]
[Date "2011.3.2"]
[Round "-"]
[White "juliocesar"]
[Black "Ricardoabreu"]
[Result "0-1"]
[WhiteElo "1306"]
[BlackElo "1570"]

1. e3 e5 2. Nc3 b6 3. Qf3 Nc6 4. b3 Bb4 5. Bc4 f6 6. Na4 a6 7. h3 Nge7 8. Ne2 b5
9. Qh5+ g6 10. Qf3 f5 11. Qg3 bxc4 12. bxc4 Bd6 13. Nac3 Nb4 14. Kd1 Nec6 15. h4
e4 16. Qh3 Na5 17. a3 Nbc6 18. h5 Ne7 19. g3 Nxc4 20. hxg6 Nxg6 21. Qxf5 Bb7 22.
Nxe4 Rf8 23. Qg4 Rf7 24. d3 Nce5 25. Qh3 Nf3 26. Nxd6+ cxd6 27. Rb1 Bc6 28. Nf4
Nxf4 29. gxf4 Ng5 30. fxg5 Bxh1 31. Qxh1 Rc8 32. Qh5 Qc7 33. Qe2 Rg7 34. f4 Re7
35. d4 d5 36. a4 Qa5 37. Ra1 Qc3 38. Ra3 Qc6 39. Bb2 d6 40. a5 Rec7 41. Rc3 Qa4
42. Qxa6 Rxc3 43. Qxc8+ Rxc8 44. f5 Qxc2+ 45. Ke1 Qxb2 46. Kf1 Rc1# 0-1

[Event "Challenge"]
[Site "http://www.queenalice.com/game.php?id=1021730"]
[Date "2012.1.30"]
[Round "-"]
[White "tonycap"]
[Black "juliocesar"]
[Result "1-0"]
[WhiteElo "1563"]
[BlackElo "1342"]

1. e4 e5 2. Nf3 Nc6 3. Bc4 Bc5 4. O-O Nf6 5. Bd3 Bd6 6. Nc3 O-O 7. a3 a6 8. Ng5
Qe8 9. Qf3 a5 10. Nd5 Nd4 11. Qh3 b6 12. Nxf6+ gxf6 13. Qxh7# 1-0

[Event "Challenge"]
[Site "http://www.queenalice.com/game.php?id=1054523"]
[Date "2012.4.30"]
[Round "-"]
[White "juliocesar"]
[Black "Zoe"]
[Result "0-1"]
[WhiteElo "1335"]
[BlackElo "1814"]

1. e4 c5 2. Nc3 d6 3. Nf3 a6 4. a3 e6 5. d3 Nf6 6. Be3 Be7 7. Be2 O-O 8. O-O Qb6
9. Qb1 Nc6 10. b3 Ng4 11. h3 Nxe3 12. fxe3 Bf6 13. Qb2 Qa5 14. Bd1 Bxc3 15. Qa2
Bxa1 16. Qxa1 b5 17. Ng5 Nd8 18. Bh5 Qd2 19. Qd1 Qxe3+ 20. Rf2 Qxg5 21. a4 bxa4
22. bxa4 Rb8 23. Bg4 Nc6 24. Qd2 Qxd2 25. Rxd2 Rb2 26. Bh5 Nd4 27. Rf2 Rxc2 28.
Rxc2 Nxc2 29. Bd1 Ne3 30. Bf3 f5 31. exf5 Rxf5 32. a5 d5 33. h4 c4 34. dxc4 dxc4
35. Be4 Rf1+ 36. Kh2 c3 37. h5 c2 38. Bxc2 Nxc2 39. h6 Bb7 40. hxg7 Rf2 0-1

[Event "Challenge"]
[Site "http://www.queenalice.com/game.php?id=1104057"]
[Date "2012.9.18"]
[Round "-"]
[White "Petrucio"]
[Black "juliocesar"]
[Result "0-1"]
[WhiteElo "1272"]
[BlackElo "1333"]

1. Nf3 e6 2. e4 Nc6 3. Qe2 h6 4. h4 a6 5. Qc4 Qe7 6. e5 h5 7. a4 g6 8. d4 Bg7 9.
Ng5 Bh6 10. d5 Nxe5 11. Qxc7 exd5 12. Ra3 Bg7 13. Qa5 Nc4+ 14. Kd1 Nxa5 15. Rf3
f6 16. Nh3 b6 17. Rf4 Bh6 18. Bd3 Bxf4 19. Bxf4 Qf7 20. Be3 Nc4 21. Bd4 Nxb2+
22. Bxb2 Ra7 23. Nf4 Rh6 24. Re1+ Ne7 25. Bd4 Ra8 26. Bxb6 f5 27. Be2 Qf6 28. g3
Qxb6 29. g4 Qxb1+ 30. Kd2 Qb4+ 31. Kd1 Qxf4 32. gxh5 gxh5 33. f3 Qxa4 34. Rg1
Qa1+ 35. Kd2 Qxg1 36. Kd3 Rb8 37. Kd2 Rb5 38. c3 Qh1 39. Ke3 Qxh4 40. Bd3 Rb3
41. f4 Rxc3 42. Kd4 Rxd3+ 43. Ke5 Qe1# 0-1

[Event "Challenge"]
[Site "http://www.queenalice.com/game.php?id=1122346"]
[Date "2012.11.14"]
[Round "-"]
[White "Wigmont"]
[Black "juliocesar"]
[Result "0-1"]
[WhiteElo "1501"]
[BlackElo "1372"]

1. d3 e5 2. e4 Nc6 3. Nc3 d6 4. Nf3 Be7 5. Be3 Nh6 6. Nd5 Ng4 7. g3 O-O 8. h4
Nxe3 9. fxe3 Bg4 10. c4 b6 11. Qa4 Bxf3 12. Rh2 Qd7 13. Bh3 Bg4 14. Bg2 Nb8 15.
Qb3 Be6 16. d4 Bxd5 17. cxd5 exd4 18. exd4 Na6 19. Qc2 Bf6 20. O-O-O Qg4 21. Bf1
Nb4 22. Qc4 Qxg3 23. Rg2 Qxh4 24. Qxb4 Qxe4 25. Re1 Qxd5 26. Rc2 Qxd4 27. Qb3
Rfe8 28. Rd1 Qf4+ 29. Kb1 c5 30. Qh3 a5 31. a3 Rad8 32. Bd3 Re3 33. Qxh7+ Kf8
34. Rf1 Qh6 35. Qf5 d5 36. Re2 Rxe2 37. Bxe2 c4 38. Rd1 Qe3 39. Qh5 g6 40. Qh2
c3 41. Rf1 Qe5 42. Qh6+ Ke7 43. Re1 cxb2 44. Qh3 Rd7 45. Qb3 Rd6 46. Qc2 Bh4 47.
Rf1 Re6 48. Bb5 Rf6 49. Qc8 Rxf1+ 50. Bxf1 Qe1+ 51. Kxb2 Qxf1 52. Qc7+ Kf6 53.
Qxb6+ Kf5 54. Qxa5 Bf6+ 55. Kb3 Qc4# 0-1

[Event "Challenge"]
[Site "http://www.queenalice.com/game.php?id=1155461"]
[Date "2013.2.25"]
[Round "-"]
[White "Petrucio"]
[Black "juliocesar"]
[Result "0-1"]
[WhiteElo "1141"]
[BlackElo "1347"]

1. Nc3 e5 2. Nf3 Nc6 3. d4 Bb4 4. a3 Bxc3+ 5. Nd2 Bxd4 6. g4 Qe7 7. e4 Nf6 8.
Nf3 Nxg4 9. h3 Nxf2 10. Rg1 Nxd1 11. Kxd1 Bxg1 12. Nxg1 Qc5 13. b4 Qxg1 14. Ke1
Nd4 15. c3 Nc2+ 16. Ke2 Nxa1 17. Be3 b6 18. Bxg1 Ba6+ 19. Ke1 Bxf1 20. Kxf1 g5
21. Bh2 f6 22. Ke1 Rf8 23. Kd1 f5 24. Kc1 fxe4 25. Bxe5 e3 26. Kd1 Rf3 27. Ke2
Rxh3 28. Bf6 Nc2 29. Bxg5 Nxa3 30. Bxe3 Rxe3+ 31. Kxe3 h5 32. Kf3 a5 33. Kf4
axb4 34. cxb4 d5 35. Kg5 d4 36. Kxh5 d3 37. Kg5 d2 38. Kf6 d1=Q 39. Ke6 Qd6+ 40.
Kf5 Qxb4 0-1

[Event "Challenge"]
[Site "http://www.queenalice.com/game.php?id=1193509"]
[Date "2013.6.23"]
[Round "-"]
[White "recchdegomm1"]
[Black "juliocesar"]
[Result "0-1"]
[WhiteElo "1335"]
[BlackElo "1393"]

1. e4 e6 2. Nf3 Nf6 3. Bd3 Bd6 4. e5 Ng4 5. Qe2 Bc5 6. O-O Nxf2 7. Rxf2 Bxf2+ 8.
Qxf2 Qe7 9. Nc3 Nc6 10. a4 d5 11. Qg3 Rg8 12. Bxh7 Qc5+ 13. Kf1 Kf8 14. Bxg8
Kxg8 15. b3 Qe7 16. Ba3 Qd8 17. Ng5 Nd4 18. Qh4 Nxc2 19. Rc1 Nxa3 20. Qf4 Qf8
21. Nb5 Nxb5 22. axb5 Bd7 23. Rxc7 Bxb5+ 24. Ke1 f5 25. Nxe6 Qe8 26. Qxf5 Rd8
27. Rxb7 Bd3 28. Rxg7+ Kh8 29. Qh5+ Qxh5 30. Kf2 Re8 31. Nf4 Qxe5 32. Ng6+ Kxg7
33. Nxe5 Rxe5 34. g3 a5 35. g4 Re2+ 36. Kf3 Rxd2 37. Ke3 Rd1 38. Kd4 Be2+ 39.
Kc5 Bxg4 40. Kb6 d4 41. Kxa5 d3 42. b4 d2 43. h3 Bxh3 44. b5 Ra1+ 45. Kb4 d1=Q
46. Kc3 Ra3+ 47. Kb4 Re3 48. b6 Qd4+ 49. Kb5 Re5+ 50. Kc6 Bd7+ 51. Kb7 Rb5 52.
Kc7 Rxb6 53. Kd8 Kf8 54. Kc7 Qd6+ 55. Kd8 Rb8# 0-1

[Event "Challenge"]
[Site "http://www.queenalice.com/game.php?id=1215613"]
[Date "2013.9.9"]
[Round "-"]
[White "Nias"]
[Black "juliocesar"]
[Result "1-0"]
[WhiteElo "1690"]
[BlackElo "1407"]

1. e4 e5 2. Bc4 Nc6 3. c3 Qh4 4. Qf3 Qf6 5. b4 Qxf3 6. Nxf3 a6 7. Ng5 f6 8. Nf7
Nxb4 9. cxb4 Bxb4 10. Nxh8 Nh6 11. O-O b5 12. Bb3 Bb7 13. d3 f5 14. Bxh6 gxh6
15. Bf7+ Kf8 16. Bh5 Ke7 17. Nf7 fxe4 18. dxe4 Bxe4 19. Nxe5 Rg8 20. Bf3 Bxf3
21. Nxf3 Bc5 22. Re1+ Kd8 23. Nc3 b4 24. Ne4 d6 25. Rad1 a5 26. Nxc5 Kc8 27. Nd3
h5 28. Nh4 c5 29. Nf5 Kc7 30. Re7+ Kc6 31. Rxh7 Rg5 32. Rf7 c4 33. Nd4+ Kd5 34.
Nf4+ Ke5 35. Nf3+ Ke4 36. Nxg5+ Ke5 37. Ng6# 1-0

[Event "Challenge"]
[Site "http://www.queenalice.com/game.php?id=1272421"]
[Date "2014.4.12"]
[Round "-"]
[White "Petrucio"]
[Black "juliocesar"]
[Result "0-1"]
[WhiteElo "1154"]
[BlackElo "1402"]

1. Nc3 e6 2. e3 Nc6 3. Ne4 Nb4 4. Ng5 Qxg5 5. h4 Qf6 6. c3 Nd5 7. Bc4 Nb6 8. Bb5
a6 9. Be2 Ne7 10. Bh5 g6 11. g4 gxh5 12. g5 Qg6 13. Qf3 Nc4 14. b3 Ne5 15. Qg2
Nd3+ 16. Ke2 Nd5 17. e4 N5f4+ 18. Kf3 Nxg2 19. Kxg2 Qxe4+ 20. f3 Qc6 21. Ne2 h6
22. a4 hxg5 23. Nd4 Qd6 24. Ba3 Qe5 25. hxg5 Qxg5+ 26. Kh2 Qxd2+ 27. Kh3 Qxc3
28. Bc1 Qxd4 29. Bd2 Nf2+ 30. Kg2 Nxh1 31. Rd1 Nf2 32. Rc1 c6 33. Bc3 Qxc3 34.
Rxc3 Nd1 35. Rd3 Rg8+ 36. Kf1 b5 37. Rxd1 bxa4 38. Rb1 Rb8 39. b4 Bxb4 40. Ra1
a3 41. Kf2 h4 42. Rh1 Bc5+ 43. Ke2 a2 44. Ra1 Rb2+ 45. Kd3 Rg1 46. Rxg1 Bxg1 47.
Kc3 a1=Q 48. f4 h3 49. Kd3 h2 50. Ke4 Rb4+ 51. Kf3 h1=Q+ 52. Kg4 Rxf4+ 53. Kxf4
Qd4+ 54. Kg5 Qhh4# 0-1

[Event "Challenge"]
[Site "http://www.queenalice.com/game.php?id=1293616"]
[Date "2014.7.9"]
[Round "-"]
[White "Petrucio"]
[Black "juliocesar"]
[Result "0-1"]
[WhiteElo "1157"]
[BlackElo "1415"]

1. e4 e6 2. c4 Nf6 3. Qf3 b6 4. e5 c6 5. Qh3 Ng8 6. f4 Bc5 7. Qg4 g6 8. Qg5 Qxg5
9. fxg5 Ba6 10. Nf3 Ne7 11. b3 b5 12. d3 Bb4+ 13. Bd2 Bxd2+ 14. Nbxd2 Nf5 15. h4
Ng3 16. Rh3 Nxf1 17. Nxf1 c5 18. Rc1 Bb7 19. cxb5 Bxf3 20. Rxf3 O-O 21. Rc4 a6
22. Rxc5 axb5 23. Rxb5 Nc6 24. Rb6 Nxe5 25. Re3 Nc6 26. Rh3 Rxa2 27. Rb7 Ra1+
28. Ke2 Ne5 29. Rb5 d6 30. Nd2 f6 31. Rb6 Nf7 32. Rf3 f5 33. Re3 Re8 34. Rb7 Rg1
35. Kf2 Rh1 36. Rg3 Rxh4 37. Nf3 Rh5 38. Rb6 Rc8 39. Rb4 Rc2+ 40. Ke3 e5 41.
Rb8+ Kg7 42. Rb7 f4+ 43. Ke4 Rc5 44. Rg4 Kg8 45. Rh4 d5# 0-1

[Event "Challenge"]
[Site "http://www.queenalice.com/game.php?id=1309141"]
[Date "2014.9.18"]
[Round "-"]
[White "Rogerio11"]
[Black "juliocesar"]
[Result "0-1"]
[WhiteElo "1173"]
[BlackElo "1408"]

1. e4 e6 2. d4 Nf6 3. Bc4 Nxe4 4. Qf3 Nf6 5. Qg3 Bb4+ 6. c3 Bd6 7. Qxg7 Rg8 8.
Qh6 Rxg2 9. d5 Rg8 10. dxe6 dxe6 11. Bg5 Be7 12. Nf3 Bd7 13. Ne5 Bc6 14. Nxc6
bxc6 15. Rg1 c5 0-1